Estadísticas para Diáspora Asiática - Top 10 Países

Haz click aquí para intentar la prueba.

Estadísticas generales

  • Esta prueba ha sido intentada 2.070 veces
  • La puntuación promedio es 8 de 10

Estadísticas de respuestas

#%País% Correcto
18 M5.6Estados Unidos
99%
3.6 M10Canadá
94%
4.2 M6.5Reino Unido
90%
2.3 M1.1Brasil
87%
3.9 M4.7Alemania
85%
1.9 M8Australia
84%
2.5 M6Argentina
81%
2.2 M7Perú
74%
1.7 M3.4Colombia
69%
1.9 M6Venezuela
56%

Distribución de puntuación

Porcentaje por número respondido

Porcentaje de gente con cada puntuación

Historial de tus puntuaciones

No has intentado esta prueba.